|
|
|
|
| LEADER |
01037cam a2200289 7i4500 |
| 001 |
0000154923 |
| 005 |
20240305090000.0 |
| 008 |
240305t20232023flu# ### #00001engm# |
| 020 |
# |
# |
|a 9780367755164
|
| 040 |
# |
# |
|a UMT
|b eng
|c UMT
|d Loc
|e rda
|
| 090 |
0 |
# |
|a TD 194.7
|b .K3 2023
|
| 100 |
1 |
# |
|a Kasinathan, Rengasamy
|e author
|
| 245 |
1 |
0 |
|a Environmental compliance guide for facility managers and engineers
|c Rengasamy Kasinathan.
|
| 250 |
# |
# |
|a First edition
|
| 264 |
# |
1 |
|a Boca Raton, Florida:
|b CRC Press, Taylor & Francis Group,
|c 2023
|
| 264 |
# |
4 |
|c ♭2023
|
| 300 |
# |
# |
|a xxv, 368 pages;
|c 24 cm
|
| 336 |
# |
# |
|a text --
|2 rdacontent
|
| 337 |
# |
# |
|a unmediated --
|2 rdamedia
|
| 338 |
# |
# |
|a volume --
|2 rdacarrier
|
| 504 |
# |
# |
|a Includes bibliographical references and index
|
| 590 |
# |
# |
|a Institut Oseanografi dan Sekitaran
|
| 591 |
# |
# |
|a Pameran Buku Ilmiah 2023
|
| 650 |
# |
0 |
|a Factories --
|x Environmental aspects
|
| 650 |
# |
0 |
|a Environmental auditing
|
| 650 |
# |
0 |
|a Facility management
|
| 999 |
|
|
|a 1100115869
|b Book
|c Open Shelf
|e KOLEKSI TERBUKA
|